[Event "Titled Tuesday intern op 23rd Jan Early"]
[Site "Chess.com INT"]
[Date "2024.01.23"]
[Round "3"]
[White "Martinez Martin, David"]
[Black "Tasev, Dejan"]
[Result "0-1"]
[WhiteElo "2386"]
[BlackElo "2188"]
[PlyCount "56"]
[EventDate "2024.01.23"]
[EventType "swiss (blitz)"]
[EventRounds "11"]
[EventCountry "USA"]
[SourceTitle "EXT 2025"]
[Source "ChessBase"]
[SourceDate "2024.10.14"]
[SourceVersion "1"]
[SourceVersionDate "2024.10.14"]
[SourceQuality "1"]

1. e4 e5 2. Nf3 Nc6 3. Nc3 g6 4. d4 exd4 5. Nxd4 Bg7 6. Nxc6 dxc6 7. Qxd8+ Kxd8 8. Bg5+ Bf6 9. 0-0-0+ Ke8 10. Bf4 Bd8 11. Bc4 f6 12. e5 f5 13. h4 h5 14. e6 Rh7 15. e7 Nxe7 16. Rhe1 b5 17. Nxb5 Ba6 18. Na3 Bxc4 19. Nxc4 Kf8 20. Rd7 Rf7 21. Ne5 Rf6 22. Bg5 Re6 23. Nxg6+ Rxg6 24. Bxe7+ Bxe7 25. Rexe7 Rxg2 26. Rf7+ Kg8 27. Rxf5 Re8 28. Rd1 Re2 0-1

[Event "Titled Tuesday intern op 09th Jan Early"]
[Site "Chess.com INT"]
[Date "2024.01.09"]
[Round "1"]
[White "Ioannidis, Evgenios"]
[Black "Martinez Martin, David"]
[Result "1-0"]
[WhiteElo "2519"]
[BlackElo "2386"]
[PlyCount "65"]
[EventDate "2024.01.09"]
[EventType "swiss (blitz)"]
[EventRounds "11"]
[EventCountry "USA"]
[SourceTitle "CBM 218 Extra"]
[Source "ChessBase"]
[SourceDate "2024.03.31"]
[SourceVersion "1"]
[SourceVersionDate "2024.03.31"]
[SourceQuality "1"]

1. d4 Nf6 2. c4 e6 3. Nc3 d5 4. cxd5 exd5 5. Bg5 c6 6. e3 Be7 7. Bd3 Nbd7 8. h3 0-0 9. Bf4 Re8 10. Nf3 Nf8 11. Ne5 Bd6 12. Bg3 Ng6 13. f4 Qb6 14. Qd2 Bb4 15. 0-0 Ne4 16. Bxe4 dxe4 17. Qc2 Bf5 18. Bf2 Nxe5 19. fxe5 Bg6 20. Kh1 Rac8 21. Bh4 Qa6 22. Qb3 Bf8 23. Rf4 c5 24. Raf1 cxd4 25. exd4 Qd3 26. Nxe4 Qxb3 27. axb3 Rc6 28. Ng5 Rc2 29. Nxf7 Rxb2 30. Nd6 Rb8 31. R4f3 Rc2 32. Nf5 Rd2 33. Bg5 1-0

[Event "Titled Tuesday intern op 12th Dec Early"]
[Site "Chess.com INT"]
[Date "2023.12.12"]
[Round "1"]
[White "Zemlyanskii, Ivan"]
[Black "Martinez Martin, David"]
[Result "1-0"]
[WhiteElo "2492"]
[BlackElo "2386"]
[PlyCount "79"]
[EventDate "2023.12.12"]
[EventType "swiss (blitz)"]
[EventRounds "11"]
[EventCountry "USA"]
[SourceTitle "CBM 217 Extra"]
[Source "ChessBase"]
[SourceDate "2024.01.31"]
[SourceVersion "1"]
[SourceVersionDate "2024.01.31"]
[SourceQuality "1"]

1. d4 Nf6 2. c4 e6 3. Bf4 Bb4+ 4. Nd2 0-0 5. a3 Be7 6. e4 d6 7. Ngf3 Re8 8. Be2 e5 9. dxe5 dxe5 10. Bxe5 Nc6 11. Bc3 Bf8 12. Qc2 Qe7 13. Bd3 Bf5 14. 0-0 Bg6 15. Rfe1 Rad8 16. Rad1 Nh5 17. b4 Nf4 18. Bf1 f6 19. g3 Ne6 20. Bg2 Ncd4 21. Nxd4 Nxd4 22. Qb2 c5 23. bxc5 Qxc5 24. Qxb7 Nc2 25. Rf1 Qxa3 26. Bb2 Qd3 27. e5 fxe5 28. Bd5+ Kh8 29. Ne4 Bxe4 30. Rxd3 Bxd3 31. Rc1 Rb8 32. Qf7 Bc5 33. Bxe5 Rxe5 34. Qc7 Bxf2+ 35. Kxf2 Ree8 36. Rd1 Nb4 37. Qxa7 Rf8+ 38. Kg1 Nxd5 39. cxd5 Be4 40. Qd4 1-0

[Event "Titled Tuesday intern op 28th Nov Early"]
[Site "Chess.com INT"]
[Date "2023.11.28"]
[Round "8"]
[White "Martinez Martin, David"]
[Black "Miladinovic, Igor"]
[Result "0-1"]
[WhiteElo "2385"]
[BlackElo "2489"]
[PlyCount "70"]
[EventDate "2023.11.28"]
[EventType "swiss (blitz)"]
[EventRounds "11"]
[EventCountry "USA"]
[SourceTitle "EXT 2025"]
[Source "ChessBase"]
[SourceDate "2024.10.14"]
[SourceVersion "1"]
[SourceVersionDate "2024.10.14"]
[SourceQuality "1"]

1. e4 c6 2. Nf3 d5 3. e5 Bf5 4. Nh4 Be6 5. d4 c5 6. dxc5 Nc6 7. f4 Nh6 8. Be3 d4 9. Bf2 Qa5+ 10. Nd2 Qxc5 11. Nb3 Qb4+ 12. Qd2 Qxd2+ 13. Kxd2 0-0-0 14. Rd1 g5 15. fxg5 Ng4 16. Bg1 Ne3 17. Re1 Nxe5 18. Nf3 Nxf1+ 19. Rxf1 Nc4+ 20. Kc1 Ne3 21. Bxe3 dxe3 22. Re1 h6 23. h4 hxg5 24. hxg5 Rxh1 25. Rxh1 Bd5 26. Re1 Bxf3 27. gxf3 Rd5 28. Rxe3 Rxg5 29. Re2 e6 30. c3 Rf5 31. Nd4 Rf4 32. Re4 Rf6 33. Kc2 Bc5 34. Re3 Kd7 35. b4 Bb6 0-1

[Event "Titled Tuesday intern op 28th Nov Early"]
[Site "Chess.com INT"]
[Date "2023.11.28"]
[Round "6"]
[White "Xu, Yi"]
[Black "Martinez Martin, David"]
[Result "1-0"]
[WhiteElo "2500"]
[BlackElo "2385"]
[PlyCount "85"]
[EventDate "2023.11.28"]
[EventType "swiss (blitz)"]
[EventRounds "11"]
[EventCountry "USA"]
[SourceTitle "EXT 2025"]
[Source "ChessBase"]
[SourceDate "2024.10.14"]
[SourceVersion "1"]
[SourceVersionDate "2024.10.14"]
[SourceQuality "1"]

1. e4 c5 2. Nf3 d6 3. d4 cxd4 4. Nxd4 Nf6 5. Nc3 g6 6. Be3 Bg7 7. f3 0-0 8. Qd2 Nc6 9. g4 Bxg4 10. fxg4 Nxg4 11. Nb3 d5 12. exd5 Bxc3 13. bxc3 Nxe3 14. Qxe3 Qxd5 15. Rg1 Rad8 16. Bd3 Qh5 17. Qe2 Qh4+ 18. Qf2 Qh5 19. Qe2 Qh4+ 20. Rg3 a5 21. 0-0-0 Qa4 22. Kb2 Qh4 23. Rdg1 Qf6 24. Rf3 Qh4 25. Rfg3 Qf6 26. a4 Nb4 27. Bc4 e6 28. h4 Nd5 29. h5 Nb6 30. Bb5 Nd5 31. hxg6 hxg6 32. Qe4 Rc8 33. Rxg6+ fxg6 34. Rxg6+ Kf7 35. Rxf6+ Kxf6 36. Bd7 Rc6 37. Bxc6 bxc6 38. Nxa5 Rb8+ 39. Nb3 c5 40. a5 Rc8 41. Qc4 Ne3 42. Qf4+ Nf5 43. a6 1-0

[Event "Titled Tuesday intern op 31st Oct Late"]
[Site "Chess.com INT"]
[Date "2023.10.31"]
[Round "1"]
[White "Aravindh, Chithambaram VR"]
[Black "Martinez Martin, David"]
[Result "1-0"]
[WhiteElo "2638"]
[BlackElo "2385"]
[PlyCount "121"]
[EventDate "2023.10.31"]
[EventType "swiss (blitz)"]
[EventRounds "11"]
[EventCountry "USA"]
[SourceTitle "EXT 2025"]
[Source "ChessBase"]
[SourceDate "2024.10.14"]
[SourceVersion "1"]
[SourceVersionDate "2024.10.14"]
[SourceQuality "1"]

1. Nf3 d5 2. c4 d4 3. b4 c5 4. Bb2 cxb4 5. a3 bxa3 6. Nxa3 Nc6 7. g3 e5 8. Bg2 Nf6 9. 0-0 Bc5 10. d3 0-0 11. Nd2 Re8 12. Nc2 Bf5 13. Ba3 Bxa3 14. Rxa3 e4 15. Rb3 Rb8 16. h3 e3 17. fxe3 dxe3 18. Rxf5 exd2 19. Qxd2 Nd4 20. Nxd4 Qxd4+ 21. Kh2 Qe3 22. Qxe3 Rxe3 23. Bf3 b6 24. Ra5 Nd7 25. Ra2 Ne5 26. Bd5 Re8 27. Kg2 Ng6 28. Kf2 h5 29. h4 R3e7 30. Rba3 Ne5 31. Rxa7 Ng4+ 32. Ke1 Nf6 33. Rxe7 Rxe7 34. Bf3 g6 35. Kd2 Nd7 36. Ra7 Kf8 37. Rb7 Ne5 38. Rb8+ Kg7 39. Rxb6 Rd7 40. Bd5 f5 41. Kc3 Ng4 42. Rb7 Rxb7 43. Bxb7 Kf6 44. c5 Ke6 45. d4 Nh2 46. d5+ Kd7 47. Ba6 Nf1 48. Bb5+ Kd8 49. d6 Nxg3 50. c6 Ne4+ 51. Kd4 Nxd6 52. Ba4 f4 53. Bc2 g5 54. hxg5 h4 55. g6 Ne8 56. Ke5 Ke7 57. Kxf4 Kf6 58. Kg4 Nc7 59. Kxh4 Nd5 60. Be4 Nc3 61. c7 1-0